000 01089nam a22003137a 4500
001 5263
003 FISKH
005 20250113140109.0
008 241121b cb ||||| |||| 00| 0 eng d
020 _a9780545434379
040 _aFISKH
_beng
_cFISKH
_dFISKH
050 _aQL100.C59
082 _a591.65
100 _aClaybourne, Anna
245 _a100 deadliest things on the planet :
_bGet ready to run ! /
_cby Anna Claybourne
250 _aFirst printing , September 2012
260 _aNew York :
_bScholastic ;
_c2012 .
300 _a112 pages :
_bcolor illustrations ;
_c24 cm .
490 _a100 ... Things on the Planet
505 _aZ
520 _aDescribes the one hundred most dangerous animals, plants, diseases, and weather on the planet, including scorpions, sharks, wolfsbane, killer bees, smallpox, tsunamis, and earthquakes.
521 8 _a940
_bLexile
521 8 _aZ
_bRaz-Plus
650 _adisasters
_vnon-fiction
650 _aanimals
_vnon-fiction
700 _aWood, Sorrel
_eEditorial director
942 _2ddc
_cBK
_n0
999 _c5263
_d5263